| 000 | 00413nam a22001697a 4500 | ||
|---|---|---|---|
| 003 | NUST - PNEC | ||
| 005 | 20170116181143.0 | ||
| 008 | 151005b xxu||||| |||| 00| 0 eng d | ||
| 020 | _a8176494704 | ||
| 040 | _cLIBRARY | ||
| 082 | _a808.04 MCL | ||
| 100 |
_913710 _aMclaren, Stephen |
||
| 245 |
_aEssay writing made easy _cMclaren, Stephen |
||
| 260 | _cc.2003 | ||
| 650 | _xGeneral Book | ||
| 942 |
_2ddc _cBK |
||
| 999 |
_c70571 _d70571 |
||